[Event "Deutsche Ländermeisterschaft 2023"]
[Site "Hannover GER"]
[Date "2023.10.03"]
[Round "4"]
[White "Tarasenko, Nazar"]
[Black "Müller, Riyanna"]
[Result "1-0"]
[Termination "normal"]
[Board "2.6"]
[WhiteElo "1873"]
[BlackElo "1778"]
[WhiteClock "01:04:09"]
[BlackClock "00:26:36"]
[WhiteTeam "Niedersachsen"]
[BlackTeam "Rheinland-Pfalz"]
[PlyCount "91"]
[WhiteFideId "34161430"]
[BlackFideId "16287401"]
[EventCountry "GER"]
[EventRounds "7"]
[EventType "team-swiss"]
[EventDate "2023.09.30"]

1. d4 {[%clk 01:30:59]} d5 {[%clk 01:30:55]} {[%emt 00:00:05]} 2. c4 {[%clk
01:31:27]} {[%emt 00:00:02]} dxc4 {[%clk 01:31:20]} {[%emt 00:00:06]} 3. Nf3
{[%clk 01:31:52]} {[%emt 00:00:04]} Nf6 {[%clk 01:31:42]} {[%emt 00:00:08]} 4.
e3 {[%clk 01:32:15]} {[%emt 00:00:06]} e6 {[%clk 01:32:00]} {[%emt 00:00:13]}
5. Bxc4 {[%clk 01:32:36]} {[%emt 00:00:09]} a6 {[%clk 01:32:09]} {[%emt
00:00:21]} 6. O-O {[%clk 01:32:51]} {[%emt 00:00:15]} b5 {[%clk 01:32:24]}
{[%emt 00:00:14]} 7. Bd3 {[%clk 01:33:15]} {[%emt 00:00:05]} Bb7 {[%clk
01:32:19]} {[%emt 00:00:36]} 8. a4 {[%clk 01:32:30]} {[%emt 00:01:16]} b4
{[%clk 01:32:13]} {[%emt 00:00:35]} 9. Nbd2 {[%clk 01:31:41]} {[%emt 00:01:18]}
c5 {[%clk 01:31:38]} {[%emt 00:01:05]} 10. Qe2 {[%clk 01:31:30]} {[%emt
00:00:41]} Be7 {[%clk 01:30:06]} {[%emt 00:02:02]} 11. Rd1 {[%clk 01:31:37]}
{[%emt 00:00:23]} O-O {[%clk 01:29:10]} {[%emt 00:01:25]} 12. a5 {[%clk
01:30:30]} {[%emt 00:01:38]} Nc6 {[%clk 01:17:34]} {[%emt 00:12:06]} 13. Nc4
{[%clk 01:30:05]} {[%emt 00:00:55]} Qc7 {[%clk 01:11:02]} {[%emt 00:07:02]} 14.
Qc2 {[%clk 01:24:48]} {[%emt 00:05:46]} Rad8 {[%clk 00:57:01]} {[%emt
00:14:31]} 15. dxc5 {[%clk 01:22:52]} {[%emt 00:02:26]} Bxc5 {[%clk 00:55:45]}
{[%emt 00:01:46]} 16. b3 {[%clk 01:21:27]} {[%emt 00:01:56]} h6 {[%clk
00:51:20]} {[%emt 00:04:55]} 17. Bb2 {[%clk 01:20:43]} {[%emt 00:01:14]} Nd5
{[%clk 00:49:19]} {[%emt 00:02:31]} 18. Ra4 {[%clk 01:05:50]} {[%emt 00:15:23]}
Be7 {[%clk 00:42:37]} {[%emt 00:07:11]} 19. e4 {[%clk 00:59:31]} {[%emt
00:06:49]} Nf4 {[%clk 00:38:01]} {[%emt 00:05:06]} 20. Bf1 {[%clk 00:59:06]}
{[%emt 00:00:54]} Rxd1 {[%clk 00:35:49]} {[%emt 00:02:42]} 21. Qxd1 {[%clk
00:58:44]} {[%emt 00:00:52]} Rd8 {[%clk 00:35:28]} {[%emt 00:00:51]} 22. Qc2
{[%clk 00:58:32]} {[%emt 00:00:41]} Ng6 {[%clk 00:25:06]} {[%emt 00:10:53]} 23.
Ra1 {[%clk 00:56:33]} {[%emt 00:02:29]} Bc5 {[%clk 00:11:21]} {[%emt 00:14:14]}
24. Rc1 {[%clk 00:50:17]} {[%emt 00:06:46]} Nd4 {[%clk 00:09:15]} {[%emt
00:02:37]} 25. Nxd4 {[%clk 00:50:16]} {[%emt 00:00:31]} Bxd4 {[%clk 00:09:38]}
{[%emt 00:00:06]} 26. Bxd4 {[%clk 00:50:33]} {[%emt 00:00:13]} Rxd4 {[%clk
00:10:03]} {[%emt 00:00:05]} 27. f3 {[%clk 00:50:25]} {[%emt 00:00:38]} Qc5
{[%clk 00:02:56]} {[%emt 00:07:35]} 28. Qf2 {[%clk 00:49:13]} {[%emt 00:01:43]}
e5 {[%clk 00:02:54]} {[%emt 00:00:32]} 29. Rd1 {[%clk 00:48:39]} {[%emt
00:01:04]} f6 {[%clk 00:02:04]} {[%emt 00:01:21]} 30. Rc1 {[%clk 00:45:45]}
{[%emt 00:03:25]} Bc6 {[%clk 00:01:32]} {[%emt 00:01:01]} 31. Rc2 {[%clk
00:44:01]} {[%emt 00:02:14]} Bb5 {[%clk 00:01:21]} {[%emt 00:00:41]} 32. Na3
{[%clk 00:41:27]} {[%emt 00:03:04]} Qa7 {[%clk 00:01:13]} {[%emt 00:00:38]} 33.
Nxb5 {[%clk 00:37:45]} {[%emt 00:04:12]} axb5 {[%clk 00:01:30]} {[%emt
00:00:13]} 34. Ra2 {[%clk 00:37:36]} {[%emt 00:00:39]} Nf4 {[%clk 00:00:51]}
{[%emt 00:01:08]} 35. g3 {[%clk 00:37:08]} {[%emt 00:00:58]} Ne6 {[%clk
00:00:51]} {[%emt 00:00:30]} 36. Bxb5 {[%clk 00:37:19]} {[%emt 00:00:19]} Rd1+
{[%clk 00:01:00]} {[%emt 00:00:20]} 37. Kg2 {[%clk 00:37:39]} {[%emt 00:00:11]}
Nd4 {[%clk 00:01:12]} {[%emt 00:00:18]} 38. Bc4+ {[%clk 00:38:02]} {[%emt
00:00:07]} Kh7 {[%clk 00:01:32]} {[%emt 00:00:10]} 39. a6 {[%clk 00:38:01]}
{[%emt 00:00:32]} Rc1 {[%clk 00:01:02]} {[%emt 00:01:00]} 40. f4 {[%clk
00:34:30]} {[%emt 00:04:00]} Rc3 {[%clk 00:00:53]} {[%emt 00:00:39]} 41. fxe5
{[%clk 00:34:13]} {[%emt 00:00:47]} fxe5 {[%clk 00:28:10]} {[%emt 00:03:12]}
42. Qf7 {[%clk 01:03:18]} {[%emt 00:01:25]} Qa8 {[%clk 00:27:57]} {[%emt
00:00:44]} 43. Bd5 {[%clk 01:03:18]} {[%emt 00:00:30]} Qc8 {[%clk 00:27:13]}
{[%emt 00:01:13]} 44. a7 {[%clk 01:03:37]} {[%emt 00:00:11]} Rc2+ {[%clk
00:26:12]} {[%emt 00:01:31]} 45. Rxc2 {[%clk 01:03:56]} {[%emt 00:00:11]} Qxc2+
{[%clk 00:26:36]} {[%emt 00:00:06]} 46. Qf2 {[%clk 01:04:09]} {[%emt 00:00:17]}
1-0

[Event "Deutsche Ländermeisterschaft 2023"]
[Site "Hannover GER"]
[Date "2023.10.03"]
[Round "4"]
[White "Vranckx, Oscar"]
[Black "Wilmink, Anna"]
[Result "0-1"]
[Termination "normal"]
[Board "2.7"]
[WhiteElo "1663"]
[BlackElo "1794"]
[WhiteClock "01:24:09"]
[BlackClock "00:20:11"]
[WhiteTeam "Rheinland-Pfalz"]
[BlackTeam "Niedersachsen"]
[PlyCount "92"]
[WhiteFideId "34608788"]
[BlackFideId "16273680"]
[EventCountry "GER"]
[EventRounds "7"]
[EventType "team-swiss"]
[EventDate "2023.09.30"]

1. e4 {[%clk 01:30:57]} {[%emt 00:00:03]} c5 {[%clk 01:30:53]} {[%emt
00:00:07]} 2. Nf3 {[%clk 01:31:24]} {[%emt 00:00:04]} Nf6 {[%clk 01:31:13]}
{[%emt 00:00:09]} 3. Nc3 {[%clk 01:31:47]} {[%emt 00:00:08]} d5 {[%clk
01:31:34]} {[%emt 00:00:08]} 4. exd5 {[%clk 01:32:08]} {[%emt 00:00:09]} Nxd5
{[%clk 01:31:56]} {[%emt 00:00:08]} 5. Bb5+ {[%clk 01:29:29]} {[%emt 00:03:09]}
Bd7 {[%clk 01:32:15]} {[%emt 00:00:11]} 6. Bxd7+ {[%clk 01:29:29]} {[%emt
00:00:31]} Qxd7 {[%clk 01:32:21]} {[%emt 00:00:23]} 7. O-O {[%clk 01:29:53]}
{[%emt 00:00:06]} Nc6 {[%clk 01:30:35]} {[%emt 00:02:15]} 8. Ne4 {[%clk
01:27:57]} {[%emt 00:02:26]} e6 {[%clk 01:28:41]} {[%emt 00:02:25]} 9. b3
{[%clk 01:27:28]} {[%emt 00:01:00]} e5 {[%clk 01:23:25]} {[%emt 00:05:45]} 10.
Bb2 {[%clk 01:27:41]} {[%emt 00:00:17]} f6 {[%clk 01:22:12]} {[%emt 00:01:43]}
11. a4 {[%clk 01:25:50]} {[%emt 00:02:21]} Be7 {[%clk 01:20:20]} {[%emt
00:02:22]} 12. c3 {[%clk 01:25:33]} {[%emt 00:00:48]} f5 {[%clk 01:14:41]}
{[%emt 00:06:09]} 13. Ng3 {[%clk 01:25:19]} {[%emt 00:00:44]} e4 {[%clk
01:11:43]} {[%emt 00:03:28]} 14. Ne1 {[%clk 01:25:44]} {[%emt 00:00:04]} O-O
{[%clk 01:04:48]} {[%emt 00:07:25]} 15. f3 {[%clk 01:24:32]} {[%emt 00:01:43]}
exf3 {[%clk 00:54:58]} {[%emt 00:10:19]} 16. Nxf3 {[%clk 01:24:11]} {[%emt
00:00:50]} Bf6 {[%clk 00:48:30]} {[%emt 00:06:58]} 17. Rb1 {[%clk 01:23:19]}
{[%emt 00:01:23]} Ne5 {[%clk 00:43:17]} {[%emt 00:05:42]} 18. Qc2 {[%clk
01:17:29]} {[%emt 00:06:21]} Ne7 {[%clk 00:38:37]} {[%emt 00:05:10]} 19. Ba3
{[%clk 01:16:22]} {[%emt 00:01:37]} b6 {[%clk 00:35:43]} {[%emt 00:03:23]} 20.
Rbe1 {[%clk 01:16:42]} {[%emt 00:00:11]} Nxf3+ {[%clk 00:32:47]} {[%emt
00:03:26]} 21. Rxf3 {[%clk 01:16:37]} {[%emt 00:00:34]} Rad8 {[%clk 00:28:03]}
{[%emt 00:05:13]} 22. Re2 {[%clk 01:13:39]} {[%emt 00:03:29]} Bg5 {[%clk
00:24:50]} {[%emt 00:03:43]} 23. Nf1 {[%clk 01:08:56]} {[%emt 00:05:13]} f4
{[%clk 00:19:18]} {[%emt 00:06:02]} 24. h4 {[%clk 01:07:46]} {[%emt 00:01:40]}
Bxh4 {[%clk 00:16:42]} {[%emt 00:03:07]} 25. Rh3 {[%clk 01:07:12]} {[%emt
00:01:04]} Ng6 {[%clk 00:16:08]} {[%emt 00:01:03]} 26. Nh2 {[%clk 01:07:37]}
{[%emt 00:00:05]} Rfe8 {[%clk 00:15:02]} {[%emt 00:01:36]} 27. Rxe8+ {[%clk
01:07:28]} {[%emt 00:00:40]} Qxe8 {[%clk 00:15:05]} {[%emt 00:00:27]} 28. Nf3
{[%clk 01:04:47]} {[%emt 00:03:10]} Qe2 {[%clk 00:14:14]} {[%emt 00:01:21]} 29.
Qf5 {[%clk 01:04:29]} {[%emt 00:00:48]} Qf2+ {[%clk 00:12:40]} {[%emt
00:02:04]} 30. Kh1 {[%clk 01:04:51]} {[%emt 00:00:08]} Qf1+ {[%clk 00:12:09]}
{[%emt 00:01:02]} 31. Kh2 {[%clk 01:04:59]} {[%emt 00:00:22]} Bg3+ {[%clk
00:12:18]} {[%emt 00:00:21]} 32. Rxg3 {[%clk 01:05:24]} {[%emt 00:00:05]} fxg3+
{[%clk 00:12:35]} {[%emt 00:00:13]} 33. Kxg3 {[%clk 01:05:49]} {[%emt
00:00:05]} Qd3 {[%clk 00:11:20]} {[%emt 00:01:44]} 34. Qe6+ {[%clk 01:04:05]}
{[%emt 00:02:14]} Kh8 {[%clk 00:11:17]} {[%emt 00:00:34]} 35. b4 {[%clk
01:03:59]} {[%emt 00:00:36]} cxb4 {[%clk 00:08:22]} {[%emt 00:03:24]} 36. Bxb4
{[%clk 01:04:09]} {[%emt 00:00:20]} Qd7 {[%clk 00:07:42]} {[%emt 00:01:11]} 37.
Qa2 {[%clk 01:03:57]} {[%emt 00:00:41]} Qf5 {[%clk 00:06:24]} {[%emt 00:01:48]}
38. Qc4 {[%clk 01:00:51]} {[%emt 00:03:36]} Re8 {[%clk 00:03:25]} {[%emt
00:03:28]} 39. Qc6 {[%clk 00:58:45]} {[%emt 00:02:36]} Qf4+ {[%clk 00:02:35]}
{[%emt 00:01:21]} 40. Kf2 {[%clk 00:59:07]} {[%emt 00:00:08]} Rd8 {[%clk
00:02:16]} {[%emt 00:00:48]} 41. c4 {[%clk 00:58:51]} {[%emt 00:00:46]} Ne5
{[%clk 00:30:14]} {[%emt 00:02:32]} 42. Qb5 {[%clk 01:29:15]} {[%emt 00:00:06]}
Nd3+ {[%clk 00:27:22]} {[%emt 00:03:23]} 43. Ke2 {[%clk 01:28:58]} {[%emt
00:00:48]} Qg3 {[%clk 00:20:31]} {[%emt 00:07:21]} 44. Nd4 {[%clk 01:24:41]}
{[%emt 00:04:47]} Nxb4 {[%clk 00:19:45]} {[%emt 00:01:15]} 45. Qxb4 {[%clk
01:24:17]} {[%emt 00:00:54]} Qe5+ {[%clk 00:19:57]} {[%emt 00:00:19]} 46. Kf1
{[%clk 01:24:09]} {[%emt 00:00:45]} Qxd4 {[%clk 00:20:11]} {[%emt 00:00:15]}
0-1

[Event "Deutsche Ländermeisterschaft 2023"]
[Site "Hannover GER"]
[Date "2023.10.03"]
[Round "4"]
[White "Baklan, Kira"]
[Black "Mader, Theresa"]
[Result "1-0"]
[Termination "normal"]
[Board "2.8"]
[WhiteElo "1096"]
[BlackElo "1284"]
[WhiteClock "00:33:35"]
[BlackClock "00:10:27"]
[WhiteTeam "Niedersachsen"]
[BlackTeam "Rheinland-Pfalz"]
[PlyCount "69"]
[WhiteFideId "34186514"]
[BlackFideId "34605657"]
[EventCountry "GER"]
[EventRounds "7"]
[EventType "team-swiss"]
[EventDate "2023.09.30"]

1. e4 {[%clk 01:30:58]} {[%emt 18:46:41]} c6 {[%clk 01:30:55]} {[%emt
00:00:06]} 2. Nf3 {[%clk 01:31:18]} {[%emt 00:00:10]} d5 {[%clk 01:31:10]}
{[%emt 00:00:14]} 3. exd5 {[%clk 01:31:19]} {[%emt 00:00:29]} cxd5 {[%clk
01:31:30]} {[%emt 00:00:10]} 4. Ne5 {[%clk 01:31:33]} {[%emt 00:00:16]} Nf6
{[%clk 01:30:50]} {[%emt 00:01:11]} 5. d4 {[%clk 01:29:55]} {[%emt 00:02:07]}
a6 {[%clk 01:28:59]} {[%emt 00:02:21]} 6. c3 {[%clk 01:29:53]} {[%emt
00:00:32]} h6 {[%clk 01:24:10]} {[%emt 00:05:20]} 7. Bd3 {[%clk 01:30:04]}
{[%emt 00:00:18]} e6 {[%clk 01:23:31]} {[%emt 00:01:10]} 8. Be3 {[%clk
01:28:40]} {[%emt 00:01:53]} Nbd7 {[%clk 01:19:34]} {[%emt 00:04:26]} 9. f4
{[%clk 01:28:16]} {[%emt 00:00:54]} Be7 {[%clk 01:10:13]} {[%emt 00:09:52]} 10.
Nd2 {[%clk 01:19:48]} {[%emt 00:08:58]} b5 {[%clk 01:02:28]} {[%emt 00:08:15]}
11. Nc6 {[%clk 01:10:52]} {[%emt 00:09:25]} Qb6 {[%clk 01:01:05]} {[%emt
00:01:54]} 12. Nxe7 {[%clk 01:10:43]} {[%emt 00:00:39]} Kxe7 {[%clk 01:01:16]}
{[%emt 00:00:19]} 13. Nf3 {[%clk 01:09:12]} {[%emt 00:02:00]} Ne8 {[%clk
00:52:17]} {[%emt 00:09:29]} 14. Ne5 {[%clk 01:07:42]} {[%emt 00:02:00]} Nd6
{[%clk 00:51:54]} {[%emt 00:00:54]} 15. b3 {[%clk 00:59:53]} {[%emt 00:08:20]}
Qc7 {[%clk 00:47:48]} {[%emt 00:04:35]} 16. Bd2 {[%clk 00:57:25]} {[%emt
00:02:58]} Bb7 {[%clk 00:46:32]} {[%emt 00:01:46]} 17. Qe2 {[%clk 00:49:43]}
{[%emt 00:08:11]} Qb6 {[%clk 00:42:44]} {[%emt 00:04:18]} 18. f5 {[%clk
00:46:11]} {[%emt 00:04:02]} Nxe5 {[%clk 00:38:40]} {[%emt 00:04:34]} 19. Qxe5
{[%clk 00:45:34]} {[%emt 00:01:07]} Rhg8 {[%clk 00:32:25]} {[%emt 00:06:46]}
20. fxe6 {[%clk 00:44:34]} {[%emt 00:01:30]} fxe6 {[%clk 00:32:26]} {[%emt
00:00:29]} 21. Bh7 {[%clk 00:44:33]} {[%emt 00:00:21]} Rgf8 {[%clk 00:31:18]}
{[%emt 00:01:49]} 22. Qxg7+ {[%clk 00:43:51]} {[%emt 00:01:12]} Rf7 {[%clk
00:30:56]} {[%emt 00:00:52]} 23. Qxh6 {[%clk 00:43:46]} {[%emt 00:00:34]} Rh8
{[%clk 00:30:50]} {[%emt 00:00:36]} 24. Qg5+ {[%clk 00:43:05]} {[%emt
00:01:07]} Kd7 {[%clk 00:30:12]} {[%emt 00:01:12]} 25. Bg8 {[%clk 00:41:26]}
{[%emt 00:02:09]} Re7 {[%clk 00:29:28]} {[%emt 00:01:14]} 26. Qg6 {[%clk
00:39:11]} {[%emt 00:02:40]} Ne4 {[%clk 00:26:46]} {[%emt 00:03:17]} 27. Rf1
{[%clk 00:37:35]} {[%emt 00:02:06]} Rxh2 {[%clk 00:23:49]} {[%emt 00:03:27]}
28. O-O-O {[%clk 00:36:33]} {[%emt 00:01:33]} Qc6 {[%clk 00:22:23]} {[%emt
00:01:56]} 29. Kb2 {[%clk 00:36:07]} {[%emt 00:00:54]} a5 {[%clk 00:19:36]}
{[%emt 00:03:19]} 30. Rf7 {[%clk 00:36:08]} {[%emt 00:00:28]} Rxf7 {[%clk
00:14:29]} {[%emt 00:05:36]} 31. Qxf7+ {[%clk 00:36:25]} {[%emt 00:00:13]} Kd8
{[%clk 00:14:12]} {[%emt 00:00:47]} 32. c4 {[%clk 00:33:42]} {[%emt 00:03:13]}
Rxg2 {[%clk 00:13:03]} {[%emt 00:01:40]} 33. Kc1 {[%clk 00:33:05]} {[%emt
00:01:06]} bxc4 {[%clk 00:10:17]} {[%emt 00:03:16]} 34. Bxa5+ {[%clk 00:33:20]}
{[%emt 00:00:15]} Kc8 {[%clk 00:10:27]} {[%emt 00:00:19]} 35. Qf8+ {[%clk
00:33:35]} {[%emt 00:00:15]} 1-0

[Event "Deutsche Ländermeisterschaft 2023"]
[Site "Hannover GER"]
[Date "2023.10.03"]
[Round "4"]
[White "Haubold, Sebastian"]
[Black "Nguyen, Alex Dac-Vuong"]
[Result "0-1"]
[Termination "normal"]
[Board "3.1"]
[BlackTitle "FM"]
[WhiteElo "2158"]
[BlackElo "2333"]
[WhiteClock "00:16:23"]
[BlackClock "00:11:11"]
[WhiteTeam "Sachsen-Anhalt"]
[BlackTeam "Sachsen"]
[PlyCount "96"]
[WhiteFideId "16259637"]
[BlackFideId "12984388"]
[EventCountry "GER"]
[EventRounds "7"]
[EventType "team-swiss"]
[EventDate "2023.09.30"]

1. e4 {[%clk 01:30:49]} {[%emt 00:00:10]} c6 {[%clk 01:30:55]} {[%emt
00:00:05]} 2. d4 {[%clk 01:30:13]} {[%emt 00:01:06]} d5 {[%clk 01:31:20]}
{[%emt 00:00:05]} 3. exd5 {[%clk 01:30:34]} {[%emt 00:00:10]} cxd5 {[%clk
01:31:45]} {[%emt 00:00:05]} 4. Bd3 {[%clk 01:31:00]} {[%emt 00:00:04]} Nc6
{[%clk 01:32:09]} {[%emt 00:00:05]} 5. c3 {[%clk 01:31:27]} {[%emt 00:00:04]}
Nf6 {[%clk 01:32:30]} {[%emt 00:00:09]} 6. Bg5 {[%clk 01:31:52]} {[%emt
00:00:05]} Bg4 {[%clk 01:26:08]} {[%emt 00:06:52]} 7. Ne2 {[%clk 01:29:58]}
{[%emt 00:02:25]} e6 {[%clk 01:24:31]} {[%emt 00:02:07]} 8. Qc2 {[%clk
01:29:18]} {[%emt 00:01:09]} Bd6 {[%clk 01:00:36]} {[%emt 00:24:24]} 9. h3
{[%clk 01:12:08]} {[%emt 00:17:41]} Bh5 {[%clk 00:58:26]} {[%emt 00:02:40]} 10.
Nf4 {[%clk 01:11:29]} {[%emt 00:01:08]} Bg6 {[%clk 00:50:09]} {[%emt 00:08:48]}
11. Nxg6 {[%clk 01:06:51]} {[%emt 00:05:09]} hxg6 {[%clk 00:50:37]} {[%emt
00:00:01]} 12. Nd2 {[%clk 01:05:03]} {[%emt 00:02:18]} Qc7 {[%clk 00:50:32]}
{[%emt 00:00:35]} 13. Nf3 {[%clk 01:03:23]} {[%emt 00:02:09]} a6 {[%clk
00:41:07]} {[%emt 00:09:56]} 14. a4 {[%clk 00:57:05]} {[%emt 00:06:48]} Nh5
{[%clk 00:36:38]} {[%emt 00:04:58]} 15. O-O {[%clk 00:43:35]} {[%emt 00:14:01]}
Nf4 {[%clk 00:34:32]} {[%emt 00:02:35]} 16. Rfe1 {[%clk 00:39:59]} {[%emt
00:04:06]} Nxd3 {[%clk 00:33:45]} {[%emt 00:01:18]} 17. Qxd3 {[%clk 00:40:25]}
{[%emt 00:00:04]} Na5 {[%clk 00:29:53]} {[%emt 00:04:22]} 18. Re2 {[%clk
00:36:30]} {[%emt 00:04:25]} Qc4 {[%clk 00:29:10]} {[%emt 00:01:13]} 19. Qc2
{[%clk 00:31:12]} {[%emt 00:05:48]} Kd7 {[%clk 00:21:47]} {[%emt 00:07:53]} 20.
b4 {[%clk 00:27:31]} {[%emt 00:04:10]} Nc6 {[%clk 00:22:10]} {[%emt 00:00:06]}
21. Rae1 {[%clk 00:27:25]} {[%emt 00:00:36]} Na7 {[%clk 00:20:50]} {[%emt
00:01:50]} 22. Rxe6 {[%clk 00:22:52]} {[%emt 00:05:04]} fxe6 {[%clk 00:19:51]}
{[%emt 00:01:28]} 23. Qxg6 {[%clk 00:23:17]} {[%emt 00:00:05]} Rae8 {[%clk
00:17:33]} {[%emt 00:02:48]} 24. Qf7+ {[%clk 00:22:37]} {[%emt 00:01:10]} Kc8
{[%clk 00:17:33]} {[%emt 00:00:30]} 25. Rxe6 {[%clk 00:22:50]} {[%emt
00:00:18]} Ref8 {[%clk 00:17:02]} {[%emt 00:01:00]} 26. Qxg7 {[%clk 00:21:21]}
{[%emt 00:01:59]} Qc7 {[%clk 00:14:49]} {[%emt 00:02:43]} 27. Qxc7+ {[%clk
00:12:09]} {[%emt 00:09:42]} Bxc7 {[%clk 00:11:13]} {[%emt 00:04:06]} 28. Ne5
{[%clk 00:09:38]} {[%emt 00:03:01]} Re8 {[%clk 00:09:58]} {[%emt 00:01:45]} 29.
Rxe8+ {[%clk 00:08:52]} {[%emt 00:01:17]} Rxe8 {[%clk 00:10:26]} {[%emt
00:00:02]} 30. f4 {[%clk 00:09:07]} {[%emt 00:00:14]} Nc6 {[%clk 00:05:55]}
{[%emt 00:05:01]} 31. Kf2 {[%clk 00:07:15]} {[%emt 00:02:23]} Bxe5 {[%clk
00:02:33]} {[%emt 00:03:53]} 32. dxe5 {[%clk 00:03:35]} {[%emt 00:04:08]} d4
{[%clk 00:02:58]} {[%emt 00:00:05]} 33. b5 {[%clk 00:02:48]} {[%emt 00:01:17]}
axb5 {[%clk 00:02:58]} {[%emt 00:00:31]} 34. axb5 {[%clk 00:03:17]} {[%emt
00:00:01]} Nxe5 {[%clk 00:02:57]} {[%emt 00:00:30]} 35. cxd4 {[%clk 00:02:35]}
{[%emt 00:01:12]} Nf7 {[%clk 00:02:35]} {[%emt 00:00:51]} 36. Bf6 {[%clk
00:02:29]} {[%emt 00:00:36]} Kd7 {[%clk 00:01:59]} {[%emt 00:01:06]} 37. g4
{[%clk 00:02:27]} {[%emt 00:00:32]} Ke6 {[%clk 00:01:56]} {[%emt 00:00:33]} 38.
Be5 {[%clk 00:02:03]} {[%emt 00:00:54]} Kd5 {[%clk 00:01:45]} {[%emt 00:00:40]}
39. Kf3 {[%clk 00:01:42]} {[%emt 00:00:52]} Ra8 {[%clk 00:01:32]} {[%emt
00:00:42]} 40. g5 {[%clk 00:01:30]} {[%emt 00:00:41]} Ra1 {[%clk 00:00:40]}
{[%emt 00:01:22]} 41. h4 {[%clk 00:25:01]} {[%emt 00:06:59]} Nxe5+ {[%clk
00:09:23]} {[%emt 00:21:48]} 42. dxe5 {[%clk 00:23:28]} {[%emt 00:02:03]} Rf1+
{[%clk 00:09:47]} {[%emt 00:00:06]} 43. Kg4 {[%clk 00:20:24]} {[%emt 00:03:34]}
Ke4 {[%clk 00:10:08]} {[%emt 00:00:09]} 44. g6 {[%clk 00:18:40]} {[%emt
00:02:15]} Rg1 {[%clk 00:10:13]} {[%emt 00:00:24]} 45. Kh5 {[%clk 00:17:24]}
{[%emt 00:01:46]} Kf5 {[%clk 00:10:38]} {[%emt 00:00:05]} 46. b6 {[%clk
00:15:52]} {[%emt 00:02:02]} Rxg6 {[%clk 00:10:33]} {[%emt 00:00:36]} 47. e6
{[%clk 00:16:19]} {[%emt 00:00:01]} Rf6 {[%clk 00:10:45]} {[%emt 00:00:19]} 48.
e7 {[%clk 00:16:23]} {[%emt 00:00:26]} Re6 {[%clk 00:11:11]} {[%emt 00:00:04]}
0-1